[Event "Tradewise Gibraltar Masters 16th"]
[Site "Gibraltar"]
[Date "2018.01.30"]
[Round "8.71"]
[White "Perez Garcia, Rodney Oscar"]
[Black "Tarjan, James"]
[Result "1/2-1/2"]
[WhiteElo "2320"]
[BlackElo "2432"]
[PlyCount "60"]
[EventDate "2018.01.23"]
[EventType "swiss"]
[EventRounds "10"]
[EventCountry "GGB"]
[SourceTitle "BritBase"]
[Source "www.saund.co.uk"]
[SourceDate "2018.02.10"]
[SourceVersion "1"]
[SourceVersionDate "2018.02.10"]
[SourceQuality "1"]

1. e4 e5 2. Nf3 Nc6 3. Bc4 Nf6 4. d3 Be7 5. O-O O-O 6. Re1 d6 7. a4 Na5 8. Ba2
c5 9. Nc3 Nc6 10. h3 Nb4 11. Bc4 h6 12. Ne2 Be6 13. Bxe6 fxe6 14. Ng3 Nc6 15.
c3 Rc8 16. Bd2 a6 17. b4 cxb4 18. cxb4 b5 19. Qb3 Qd7 20. axb5 axb5 21. Ra6 Kh8
22. Rea1 Nh7 23. Ne2 d5 24. Rc1 Qb7 25. Ra2 Nf6 26. Rac2 Bd6 27. Ng3 Qd7 28.
Kh1 Rc7 29. Be3 d4 30. Bd2 Rfc8 1/2-1/2

[Event "Tradewise Gibraltar Masters 16th"]
[Site "Gibraltar"]
[Date "2018.01.30"]
[Round "8.72"]
[White "Merario Alarcon, Andres"]
[Black "Swayams, Mishra"]
[Result "1/2-1/2"]
[WhiteElo "2298"]
[BlackElo "2432"]
[PlyCount "86"]
[EventDate "2018.01.23"]
[EventType "swiss"]
[EventRounds "10"]
[EventCountry "GGB"]
[SourceTitle "BritBase"]
[Source "www.saund.co.uk"]
[SourceDate "2018.02.10"]
[SourceVersion "1"]
[SourceVersionDate "2018.02.10"]
[SourceQuality "1"]

1. d4 e6 2. c4 Nf6 3. Nf3 d5 4. Nc3 Bb4 5. Bg5 h6 6. Bxf6 Qxf6 7. e3 O-O 8. Rc1
Nc6 9. Bd3 dxc4 10. Bxc4 e5 11. O-O Bxc3 12. bxc3 Rd8 13. Bd3 Bg4 14. Be4 Rab8
15. Qa4 b5 16. Qa3 Bxf3 17. Bxf3 Qe7 18. Qxe7 Nxe7 19. g4 f6 20. Rb1 c6 21.
Rfc1 Kf7 22. Kf1 Ke6 23. Ke2 Kd6 24. Rb3 Kc7 25. Be4 Nc8 26. f3 Nd6 27. Bd3 a6
28. h4 Re8 29. Ra1 c5 30. dxc5 Nb7 31. Rb4 Nxc5 32. c4 Red8 33. Bf5 bxc4 34.
Rxc4 Rb2+ 35. Rc2 Rxc2+ 36. Bxc2 Rb8 37. Kd2 Rb6 38. Kc3 Rc6 39. Kd2 g5 40.
hxg5 hxg5 41. Rb1 Rd6+ 42. Kc3 Rc6 43. Kd2 Rd6+ 1/2-1/2

[Event "Tradewise Gibraltar Masters 16th"]
[Site "Gibraltar"]
[Date "2018.01.30"]
[Round "8.73"]
[White "Gaehwiler, Gabriel"]
[Black "Antova, Gabriela"]
[Result "1-0"]
[WhiteElo "2428"]
[BlackElo "2260"]
[PlyCount "91"]
[EventDate "2018.01.23"]
[EventType "swiss"]
[EventRounds "10"]
[EventCountry "GGB"]
[SourceTitle "BritBase"]
[Source "www.saund.co.uk"]
[SourceDate "2018.02.10"]
[SourceVersion "1"]
[SourceVersionDate "2018.02.10"]
[SourceQuality "1"]

1. e4 e5 2. Nf3 Nf6 3. d4 exd4 4. e5 Ne4 5. Qxd4 d5 6. exd6 Nxd6 7. Bg5 f6 8.
Bf4 Nc6 9. Qe3+ Qe7 10. Qxe7+ Bxe7 11. Nc3 Be6 12. O-O-O O-O-O 13. Bd3 g5 14.
Rhe1 Bf7 15. Bg3 h5 16. Nd4 Nxd4 17. Rxe7 Rhf8 18. Ne4 Nxe4 19. Rxc7+ Kb8 20.
Rxf7+ Nxg3 21. Rxf8 Nge2+ 22. Kd2 Rxf8 23. Bxe2 Nxe2 24. Kxe2 Re8+ 25. Kd2 Re6
26. Re1 Rd6+ 27. Kc1 h4 28. Re7 Rd5 29. h3 a5 30. c3 Rf5 31. f3 Rd5 32. Kc2 Rd6
33. c4 Ka7 34. b3 Ka6 35. a3 Ka7 36. c5 Rd5 37. b4 axb4 38. axb4 Kb8 39. Kc3
Rd1 40. Kc4 Rd2 41. Kb5 Kc8 42. Kb6 Rxg2 43. Rc7+ Kd8 44. Rxb7 Rf2 45. c6 Rxf3
46. Rb8+ 1-0

[Event "Tradewise Gibraltar Masters 16th"]
[Site "Gibraltar"]
[Date "2018.01.30"]
[Round "8.74"]
[White "Raja, Harshit"]
[Black "Gavilan Diaz, Mario"]
[Result "1-0"]
[WhiteElo "2427"]
[BlackElo "2251"]
[PlyCount "77"]
[EventDate "2018.01.23"]
[EventType "swiss"]
[EventRounds "10"]
[EventCountry "GGB"]
[SourceTitle "BritBase"]
[Source "www.saund.co.uk"]
[SourceDate "2018.02.10"]
[SourceVersion "1"]
[SourceVersionDate "2018.02.10"]
[SourceQuality "1"]

1. e4 e5 2. Nf3 Nc6 3. Bb5 a6 4. Ba4 Nf6 5. O-O Be7 6. d3 b5 7. Bb3 d6 8. a3
O-O 9. Nc3 Bg4 10. Be3 Nd4 11. Bxd4 exd4 12. Nd5 Nxd5 13. Bxd5 Rc8 14. Bc6 Rb8
15. h3 Bxf3 16. Qxf3 Rb6 17. Bd5 c6 18. Bb3 Bf6 19. a4 Rb8 20. axb5 axb5 21.
Ra7 Qb6 22. Rd7 Rbd8 23. Qg4 Qc5 24. Rb7 d5 25. Ra1 dxe4 26. Qxe4 Kh8 27. Re1
g6 28. Bxf7 Qf5 29. Qxf5 gxf5 30. Re6 Kg7 31. Be8+ Kh8 32. Bxc6 Rc8 33. Rxb5
Bg7 34. Rb7 Rf6 35. Ree7 Rfxc6 36. Rxg7 Rxc2 37. Rxh7+ Kg8 38. Rbg7+ Kf8 39.
Rg5 1-0

[Event "Tradewise Gibraltar Masters 16th"]
[Site "Gibraltar"]
[Date "2018.01.30"]
[Round "8.75"]
[White "Mannion, Stephen R"]
[Black "Vega Gutierrez, Sabrina"]
[Result "1/2-1/2"]
[WhiteElo "2285"]
[BlackElo "2427"]
[PlyCount "116"]
[EventDate "2018.01.23"]
[EventType "swiss"]
[EventRounds "10"]
[EventCountry "GGB"]
[SourceTitle "BritBase"]
[Source "www.saund.co.uk"]
[SourceDate "2018.02.10"]
[SourceVersion "1"]
[SourceVersionDate "2018.02.10"]
[SourceQuality "1"]

1. e4 c5 2. Nf3 d6 3. d4 cxd4 4. Nxd4 Nf6 5. Nc3 e6 6. g4 h6 7. h4 Nc6 8. Rg1
h5 9. gxh5 Nxh5 10. Bg5 Qb6 11. Ndb5 a6 12. Be3 Qd8 13. Nd4 Bd7 14. Nf3 Ne5 15.
Ng5 Qc7 16. f4 Nc4 17. Bxc4 Qxc4 18. Qd3 Qxd3 19. cxd3 Nf6 20. Bf2 d5 21. O-O-O
Bc6 22. e5 Nh5 23. Ne2 Be7 24. Rg4 Ba4 25. b3 Ba3+ 26. Kb1 Bd7 27. Nf3 a5 28.
Bd4 a4 29. Bb2 Bxb2 30. Kxb2 Ke7 31. Ng3 g6 32. Nxh5 Rxh5 33. Nd4 Rah8 34. Nf3
axb3 35. axb3 d4 36. Rc1 Kd8 37. Rc4 Bc6 38. Nxd4 Bd5 39. Ra4 Rxh4 40. Rxh4
Rxh4 41. Nc2 Bc6 42. Rd4+ Ke7 43. Kc3 Rh3 44. Na3 Rg3 45. Nc4 g5 46. fxg5 Rxg5
47. Rh4 Bd5 48. d4 Rg3+ 49. Kb4 Rf3 50. Rg4 Kd7 51. Kc5 Kc7 52. Rg7 Rxb3 53.
Rxf7+ Kb8 54. Nb6 Rc3+ 55. Kb4 Rb3+ 56. Kc5 Rc3+ 57. Kb4 Rd3 58. Kc5 Rc3+
1/2-1/2

[Event "Tradewise Gibraltar Masters 16th"]
[Site "Gibraltar"]
[Date "2018.01.30"]
[Round "8.76"]
[White "Perez, Flavio"]
[Black "Pigott, John C"]
[Result "1-0"]
[WhiteElo "2279"]
[BlackElo "2418"]
[PlyCount "73"]
[EventDate "2018.01.23"]
[EventType "swiss"]
[EventRounds "10"]
[EventCountry "GGB"]
[SourceTitle "BritBase"]
[Source "www.saund.co.uk"]
[SourceDate "2018.02.10"]
[SourceVersion "1"]
[SourceVersionDate "2018.02.10"]
[SourceQuality "1"]

1. e4 e6 2. d3 d5 3. Qe2 Nf6 4. Nf3 Be7 5. g3 c5 6. Bg2 Nc6 7. O-O b5 8. Re1
O-O 9. e5 Nd7 10. h4 Bb7 11. Bf4 Qb6 12. c3 Rfc8 13. Nbd2 a5 14. Nf1 Qd8 15.
N1h2 d4 16. Ng4 Ra7 17. Ng5 dxc3 18. bxc3 b4 19. Be4 Nf8 20. Qf3 Qe8 21. Nxh7
Nxh7 22. Bxh7+ Kxh7 23. Nf6+ Bxf6 24. Qh5+ Kg8 25. exf6 g6 26. Qh6 Qf8 27. Qg5
Rd8 28. h5 Rd5 29. Be5 Nxe5 30. Rxe5 Rxe5 31. Qxe5 Qe8 32. Re1 Qc6 33. Re4 Ra8
34. Qg5 Qd6 35. hxg6 Bxe4 36. Qh6 Bxg6 37. Qg7# 1-0

[Event "Tradewise Gibraltar Masters 16th"]
[Site "Gibraltar"]
[Date "2018.01.30"]
[Round "8.77"]
[White "Serarols Mabras, Bernat"]
[Black "Keymer, Vincent"]
[Result "0-1"]
[WhiteElo "2235"]
[BlackElo "2408"]
[PlyCount "81"]
[EventDate "2018.01.23"]
[EventType "swiss"]
[EventRounds "10"]
[EventCountry "GGB"]
[SourceTitle "BritBase"]
[Source "www.saund.co.uk"]
[SourceDate "2018.02.10"]
[SourceVersion "1"]
[SourceVersionDate "2018.02.10"]
[SourceQuality "1"]

1. d4 Nf6 2. c4 e6 3. g3 d5 4. Nf3 Bb4+ 5. Bd2 Bd6 6. Nc3 O-O 7. Bg5 Be7 8. Bg2
Nbd7 9. O-O dxc4 10. Ne5 Nb6 11. e3 Nfd7 12. Bxe7 Qxe7 13. Nxd7 Bxd7 14. Bxb7
Rab8 15. Bg2 c5 16. b3 cxd4 17. Qxd4 Rfc8 18. Ne4 Bc6 19. bxc4 Bxe4 20. Qxe4
Rxc4 21. Qe5 Rbc8 22. Rfd1 h6 23. Bf1 R4c5 24. Qd4 Nd5 25. Rd2 Nc3 26. Rc2 e5
27. Qg4 e4 28. Qh3 Kh7 29. Qg2 f5 30. Be2 g5 31. Qf1 f4 32. Bg4 R8c6 33. Rac1
Qe5 34. Kh1 f3 35. Qe1 Kg6 36. h3 h5 37. Bd7 Rc7 38. g4 hxg4 39. Bxg4 Nxa2 40.
Rxc5 Rxc5 41. Ra1 0-1

[Event "Tradewise Gibraltar Masters 16th"]
[Site "Gibraltar"]
[Date "2018.01.30"]
[Round "8.78"]
[White "Melia, Salome"]
[Black "Oglaza, Oskar"]
[Result "1-0"]
[WhiteElo "2404"]
[BlackElo "2245"]
[PlyCount "135"]
[EventDate "2018.01.23"]
[EventType "swiss"]
[EventRounds "10"]
[EventCountry "GGB"]
[SourceTitle "BritBase"]
[Source "www.saund.co.uk"]
[SourceDate "2018.02.10"]
[SourceVersion "1"]
[SourceVersionDate "2018.02.10"]
[SourceQuality "1"]

1. e4 c5 2. Nf3 d6 3. Bb5+ Nc6 4. O-O Bd7 5. h3 Nf6 6. Re1 a6 7. Bf1 e6 8. b3
Be7 9. Bb2 O-O 10. d4 cxd4 11. Nxd4 Nxd4 12. Qxd4 Qc7 13. c4 Rfd8 14. Nc3 Rac8
15. Rac1 Qc5 16. Qd2 Nh5 17. Rcd1 Be8 18. a3 Bg5 19. Qc2 b5 20. b4 Qb6 21. Qe2
Nf4 22. Qf3 bxc4 23. Bc1 e5 24. h4 Be7 25. Bxf4 exf4 26. Qxf4 a5 27. Nd5 Qa7
28. bxa5 Bf8 29. Nb6 Qxa5 30. Nxc4 Qa7 31. Rb1 Rc5 32. Qe3 Qc7 33. Rec1 d5 34.
exd5 Rcxd5 35. Nb6 Rc5 36. a4 Rxc1 37. Rxc1 Qa7 38. Bb5 Bxb5 39. axb5 Qa5 40.
Rb1 Rb8 41. Nc4 Qa4 42. Qb3 Qxb3 43. Rxb3 Bc5 44. b6 Kf8 45. b7 Ke7 46. Ne5 Kd6
47. Nxf7+ Kc7 48. Ng5 Be7 49. g3 Bxg5 50. hxg5 Rxb7 51. Rxb7+ Kxb7 52. f4 Kc6
53. Kf2 Kd5 54. Ke3 g6 55. Kd3 Ke6 56. Ke4 Kd6 57. g4 Ke6 58. Kd4 Kd6 59. f5
Kd7 60. fxg6 hxg6 61. Kd5 Ke7 62. Ke5 Kf7 63. Kd6 Kf8 64. Ke6 Kg7 65. Ke7 Kg8
66. Kf6 Kf8 67. Kxg6 Kg8 68. Kh6 1-0

[Event "Tradewise Gibraltar Masters 16th"]
[Site "Gibraltar"]
[Date "2018.01.30"]
[Round "8.79"]
[White "Hoolt, Sarah"]
[Black "Berrocal Ruiz, Valentin"]
[Result "1-0"]
[WhiteElo "2400"]
[BlackElo "2068"]
[PlyCount "85"]
[EventDate "2018.01.23"]
[EventType "swiss"]
[EventRounds "10"]
[EventCountry "GGB"]
[SourceTitle "BritBase"]
[Source "www.saund.co.uk"]
[SourceDate "2018.02.10"]
[SourceVersion "1"]
[SourceVersionDate "2018.02.10"]
[SourceQuality "1"]

1. e4 g6 2. d4 Bg7 3. Nc3 d6 4. Be3 a6 5. a4 Nd7 6. f4 c5 7. d5 Ngf6 8. Be2 Qa5
9. Bf3 O-O 10. Nge2 Nb6 11. Qd3 Ng4 12. Bg1 f5 13. Bxg4 fxe4 14. Qh3 Nc4 15.
Bxc8 Raxc8 16. Be3 Nxb2 17. Bd2 Nc4 18. Qe6+ Kh8 19. Qxe4 b5 20. Rb1 Nxd2 21.
Kxd2 b4 22. Nd1 e6 23. Ne3 exd5 24. Qxd5 Rce8 25. Rhf1 Qxa4 26. Rb3 Qb5 27. Qc4
Qc6 28. Nd5 a5 29. g4 a4 30. Rh3 Qd7 31. f5 gxf5 32. Nef4 Qf7 33. gxf5 Qxf5 34.
Rh5 Re4 35. Rxf5 Rxc4 36. Rh5 Rd4+ 37. Ke2 Re8+ 38. Kf3 Kg8 39. Rg1 Re5 40.
Nf6+ Kf7 41. Rxh7 Kxf6 42. Rg6+ Ke7 43. Rgxg7+ 1-0

[Event "Tradewise Gibraltar Masters 16th"]
[Site "Gibraltar"]
[Date "2018.01.30"]
[Round "8.80"]
[White "Sukandar, Irine Kharisma"]
[Black "Nandhidhaa, PV."]
[Result "1/2-1/2"]
[WhiteElo "2387"]
[BlackElo "2238"]
[PlyCount "105"]
[EventDate "2018.01.23"]
[EventType "swiss"]
[EventRounds "10"]
[EventCountry "GGB"]
[SourceTitle "BritBase"]
[Source "www.saund.co.uk"]
[SourceDate "2018.02.10"]
[SourceVersion "1"]
[SourceVersionDate "2018.02.10"]
[SourceQuality "1"]

1. e4 c5 2. Nf3 e6 3. d4 cxd4 4. Nxd4 Nc6 5. Nc3 Qc7 6. Be3 a6 7. Be2 Nf6 8.
O-O d6 9. f4 Be7 10. Kh1 O-O 11. Qe1 Nxd4 12. Bxd4 b5 13. a3 Bb7 14. Qg3 Rac8
15. Rae1 Bc6 16. e5 dxe5 17. Bxe5 Qb7 18. f5 exf5 19. Rxf5 Ne8 20. Bd3 g6 21.
Rf2 Ng7 22. Rfe2 Nh5 23. Qh3 Bf6 24. Bxf6 Nxf6 25. Qh4 Nh5 26. Ne4 Qc7 27. Nf6+
Nxf6 28. Qxf6 Rce8 29. Re7 Qd8 30. h4 Qd5 31. Be4 Rxe7 32. Qxe7 Qc4 33. Bxc6
Qxc6 34. c3 Qd5 35. Re4 Qd2 36. Re2 Qd1+ 37. Kh2 Rd8 38. h5 Qd6+ 39. Qxd6 Rxd6
40. hxg6 hxg6 41. Kg3 Kg7 42. Kf3 f5 43. Rc2 Kf6 44. c4 Rd3+ 45. Ke2 bxc4 46.
Rxc4 Rb3 47. Rc6+ Kg5 48. Rxa6 Rxb2+ 49. Kf3 Rb3+ 50. Kf2 Rb2+ 51. Kf3 Rb3+ 52.
Kf2 Rb2+ 53. Kf3 1/2-1/2

[Event "Tradewise Gibraltar Masters 16th"]
[Site "Gibraltar"]
[Date "2018.01.30"]
[Round "8.81"]
[White "Reuben, Stewart"]
[Black "Bullock, Lee"]
[Result "1-0"]
[WhiteElo "2045"]
[BlackElo "1572"]
[PlyCount "119"]
[EventDate "2018.01.23"]
[EventType "swiss"]
[EventRounds "10"]
[EventCountry "GGB"]
[SourceTitle "BritBase"]
[Source "www.saund.co.uk"]
[SourceDate "2018.02.10"]
[SourceVersion "1"]
[SourceVersionDate "2018.02.10"]
[SourceQuality "1"]

1. d4 d6 2. g3 c6 3. Bg2 Nd7 4. c4 e5 5. Nc3 Be7 6. e4 Ngf6 7. Nge2 Qc7 8. O-O
Nf8 9. f4 Ng6 10. h3 Bd7 11. Be3 h6 12. dxe5 dxe5 13. f5 Nf8 14. Qa4 N8h7 15.
c5 O-O 16. Qc4 b5 17. cxb6 axb6 18. Nd5 Nxd5 19. exd5 c5 20. d6 Bxd6 21. Bxa8
Rxa8 22. Nc3 Nf6 23. Nb5 Qc6 24. Nxd6 Qxd6 25. Rad1 Qc6 26. a3 Ra4 27. Qd3 Bc8
28. Qd8+ Kh7 29. Qd6 Qe4 30. Qd3 Qxd3 31. Rxd3 Ba6 32. Rd6 Bxf1 33. Kxf1 Re4
34. Kf2 Rc4 35. Rxb6 Nd5 36. Rb5 Nf6 37. b3 Rc3 38. a4 Rc2+ 39. Kf3 e4+ 40. Kf4
Nd5+ 41. Kxe4 Nxe3 42. Kxe3 Rc3+ 43. Kf4 g5+ 44. fxg6+ Kxg6 45. a5 c4 46. b4
Ra3 47. Rb6+ f6 48. Rc6 c3 49. Ke4 Rb3 50. Kd4 Rxb4+ 51. Kxc3 Ra4 52. a6 Ra3+
53. Kb4 Ra1 54. Kb5 Rb1+ 55. Ka5 h5 56. a7 Kf5 57. Ra6 Ra1+ 58. Kb5 Rb1+ 59.
Kc4 Rc1+ 60. Kd3 1-0

[Event "Tradewise Gibraltar Masters 16th"]
[Site "Gibraltar"]
[Date "2018.01.30"]
[Round "8.82"]
[White "Richards, Heather S"]
[Black "Erenberg, Ariel"]
[Result "0-1"]
[WhiteElo "2223"]
[BlackElo "2382"]
[PlyCount "106"]
[EventDate "2018.01.23"]
[EventType "swiss"]
[EventRounds "10"]
[EventCountry "GGB"]
[SourceTitle "BritBase"]
[Source "www.saund.co.uk"]
[SourceDate "2018.02.10"]
[SourceVersion "1"]
[SourceVersionDate "2018.02.10"]
[SourceQuality "1"]

1. e4 e5 2. Nc3 Nc6 3. g3 Bc5 4. Bg2 d6 5. Nge2 f5 6. d3 Nf6 7. Na4 Be6 8. Nxc5
dxc5 9. Nc3 Qd7 10. Be3 Nd4 11. Qd2 O-O-O 12. exf5 Bxf5 13. O-O-O Bg4 14. Bxd4
exd4 15. Ne2 Qe6 16. f3 Qxa2 17. Qg5 Rhe8 18. Rde1 Qa1+ 19. Kd2 Qa5+ 20. Kd1
Nd5 21. Qxg4+ Kb8 22. Nxd4 Ne3+ 23. Rxe3 Rxe3 24. Nb3 Qa2 25. Qc4 Qxb2 26. f4
c6 27. Nxc5 Re7 28. Kd2 Qd4 29. Qxd4 Rxd4 30. Re1 Rxe1 31. Kxe1 Rd6 32. Be4 a5
33. Kd2 b6 34. Na4 Kc7 35. c4 b5 36. cxb5 cxb5 37. Nc3 Kb6 38. h4 b4 39. Nd5+
Kc5 40. Ne3 h6 41. Bh7 Rd8 42. Bg6 Rb8 43. d4+ Kxd4 44. Nf5+ Kc5 45. Nxg7 a4
46. Kc2 b3+ 47. Kc3 a3 48. Ne6+ Kd5 49. Nc7+ Kd6 50. Na6 Rb6 51. Bd3 b2 52. Nb4
Rxb4 53. Kxb4 a2 0-1

[Event "Tradewise Gibraltar Masters 16th"]
[Site "Gibraltar"]
[Date "2018.01.30"]
[Round "8.83"]
[White "Sahl, Sheila Barth"]
[Black "Stark, Lars"]
[Result "1-0"]
[WhiteElo "2178"]
[BlackElo "2381"]
[PlyCount "107"]
[EventDate "2018.01.23"]
[EventType "swiss"]
[EventRounds "10"]
[EventCountry "GGB"]
[SourceTitle "BritBase"]
[Source "www.saund.co.uk"]
[SourceDate "2018.02.10"]
[SourceVersion "1"]
[SourceVersionDate "2018.02.10"]
[SourceQuality "1"]

1. f4 d5 2. Nf3 g6 3. e3 Bg7 4. Be2 c5 5. O-O Nc6 6. a4 Bg4 7. Qe1 e6 8. d3
Nge7 9. Nbd2 O-O 10. c3 Qc7 11. d4 cxd4 12. Nxd4 Bxe2 13. Qxe2 Rad8 14. N2f3 a6
15. Bd2 Qd7 16. Be1 Rc8 17. Bf2 Qc7 18. Rfd1 Rfe8 19. Nb3 Nb8 20. Nc1 Nd7 21.
Nd3 Nf6 22. Bh4 Ne4 23. Bxe7 Rxe7 24. Nd2 Nxd2 25. Rxd2 Qb6 26. Kh1 Rc4 27. a5
Qc7 28. Qd1 Re8 29. h3 Rc8 30. Ra4 Bf6 31. Re2 Rxa4 32. Qxa4 Qc4 33. Qxc4 Rxc4
34. Re1 Be7 35. Kg1 Ra4 36. b4 Ra3 37. Rc1 Bf6 38. Ne5 Bxe5 39. fxe5 Rb3 40.
Kf2 f6 41. exf6 Kf7 42. Ke2 Kxf6 43. Kd3 Rb2 44. Kd4 Rf2 45. c4 dxc4 46. Rxc4
Rd2+ 47. Kc5 Rd5+ 48. Kb6 Rb5+ 49. Ka7 h5 50. Rc7 Rxb4 51. Rxb7 Ra4 52. Kxa6
Ra2 53. Rb5 Rxg2 54. Kb6 1-0

[Event "Tradewise Gibraltar Masters 16th"]
[Site "Gibraltar"]
[Date "2018.01.30"]
[Round "8.84"]
[White "Anton Guijarro, David"]
[Black "Maisuradze, Nino"]
[Result "1-0"]
[WhiteElo "2666"]
[BlackElo "2234"]
[PlyCount "87"]
[EventDate "2018.01.23"]
[EventType "swiss"]
[EventRounds "10"]
[EventCountry "GGB"]
[SourceTitle "BritBase"]
[Source "www.saund.co.uk"]
[SourceDate "2018.02.10"]
[SourceVersion "1"]
[SourceVersionDate "2018.02.10"]
[SourceQuality "1"]

1. Nf3 Nf6 2. g3 d5 3. Bg2 c5 4. O-O Nc6 5. d4 Bg4 6. dxc5 e6 7. Be3 Ne4 8. c4
Bxc5 9. Bxc5 Nxc5 10. cxd5 exd5 11. h3 Be6 12. Nc3 O-O 13. Rc1 Ne4 14. Nd4 Qb6
15. Nxe6 Nxc3 16. bxc3 fxe6 17. c4 d4 18. c5 Qa6 19. Qc2 Rad8 20. Be4 h6 21.
Rb1 Rd7 22. Bd3 Qa5 23. Bc4 Nd8 24. Rb5 Qc7 25. Qe4 a6 26. Bxe6+ Nxe6 27. Qxe6+
Rff7 28. Rxb7 Qxb7 29. c6 Qc8 30. cxd7 Qxd7 31. Qxa6 Qxh3 32. Qa8+ Kh7 33. Qe4+
Qf5 34. Qxd4 Qc2 35. a4 Qxe2 36. a5 Qf3 37. Re1 Rf5 38. Re7 Rg5 39. a6 Qg4 40.
Qd3+ Qf5 41. Qc3 Qd5 42. a7 Qd1+ 43. Re1 Qd5 44. Qc2+ 1-0

[Event "Tradewise Gibraltar Masters 16th"]
[Site "Gibraltar"]
[Date "2018.01.30"]
[Round "8.85"]
[White "Kvisla, Johannes Luangtep"]
[Black "Stefanova, Antoaneta"]
[Result "0-1"]
[WhiteElo "2234"]
[BlackElo "2489"]
[PlyCount "94"]
[EventDate "2018.01.23"]
[EventType "swiss"]
[EventRounds "10"]
[EventCountry "GGB"]
[SourceTitle "BritBase"]
[Source "www.saund.co.uk"]
[SourceDate "2018.02.10"]
[SourceVersion "1"]
[SourceVersionDate "2018.02.10"]
[SourceQuality "1"]

1. d4 d5 2. Bf4 c5 3. e3 Nc6 4. Nf3 Nf6 5. c3 Qb6 6. Qb3 c4 7. Qc2 Bf5 8. Qc1
Nh5 9. Nbd2 Nxf4 10. exf4 Qc7 11. g3 Qd6 12. Be2 h6 13. h4 Rc8 14. Kf1 h5 15.
Qd1 g6 16. b3 cxb3 17. axb3 Bg7 18. Ne5 a6 19. Kg2 Rc7 20. Bf3 Na7 21. c4 e6
22. Qe2 O-O 23. g4 hxg4 24. Bxg4 dxc4 25. Bxf5 exf5 26. Qe3 c3 27. Ndf3 Re8 28.
h5 f6 29. h6 Bh8 30. h7+ Kg7 31. Rh3 c2 32. Kh2 Qe6 33. Rg1 fxe5 34. fxe5 Kf8
35. Qh6+ Rg7 36. Qd2 Rc8 37. d5 Qb6 38. Nd4 Ke8 39. Ne6 Re7 40. f4 Qxg1+ 41.
Kxg1 c1=Q+ 42. Qxc1 Rxc1+ 43. Kf2 Rc2+ 44. Kf1 Rxe6 45. dxe6 Rc6 46. Ke2 Nb5
47. Rh6 Rxe6 0-1

[Event "Tradewise Gibraltar Masters 16th"]
[Site "Gibraltar"]
[Date "2018.01.30"]
[Round "8.86"]
[White "Almagro Llamas, Pablo"]
[Black "Barthel, Ansgar"]
[Result "1-0"]
[WhiteElo "2479"]
[BlackElo "2187"]
[PlyCount "77"]
[EventDate "2018.01.23"]
[EventType "swiss"]
[EventRounds "10"]
[EventCountry "GGB"]
[SourceTitle "BritBase"]
[Source "www.saund.co.uk"]
[SourceDate "2018.02.10"]
[SourceVersion "1"]
[SourceVersionDate "2018.02.10"]
[SourceQuality "1"]

1. d4 d5 2. c4 e6 3. Nc3 c5 4. cxd5 exd5 5. Nf3 Nc6 6. g3 Nf6 7. Bg2 Be7 8. O-O
O-O 9. Bg5 cxd4 10. Nxd4 h6 11. Be3 Bg4 12. h3 Be6 13. Nxc6 bxc6 14. Na4 Re8
15. Rc1 Qd7 16. Kh2 Ne4 17. Bxe4 dxe4 18. Qxd7 Bxd7 19. b3 Red8 20. g4 h5 21.
gxh5 Bd6+ 22. Kg2 f5 23. Bg5 Re8 24. Rfd1 Re6 25. Nc5 Bxc5 26. Rxd7 Bb6 27. e3
Rc8 28. Kg3 Rc7 29. Rcd1 Rxd7 30. Rxd7 Re5 31. h6 gxh6 32. Bxh6 Rc5 33. h4 Rc2
34. h5 Rxa2 35. Bg5 f4+ 36. Bxf4 Ra5 37. Kg4 Ra1 38. h6 Rh1 39. Kf5 1-0

[Event "Tradewise Gibraltar Masters 16th"]
[Site "Gibraltar"]
[Date "2018.01.30"]
[Round "8.87"]
[White "Estrada Nieto, Julian"]
[Black "Studer, Noel"]
[Result "0-1"]
[WhiteElo "2222"]
[BlackElo "2476"]
[PlyCount "102"]
[EventDate "2018.01.23"]
[EventType "swiss"]
[EventRounds "10"]
[EventCountry "GGB"]
[SourceTitle "BritBase"]
[Source "www.saund.co.uk"]
[SourceDate "2018.02.10"]
[SourceVersion "1"]
[SourceVersionDate "2018.02.10"]
[SourceQuality "1"]

1. e4 e6 2. d4 d5 3. Nd2 h6 4. Ngf3 Nf6 5. Bd3 c5 6. exd5 exd5 7. dxc5 Bxc5 8.
Nb3 Bd6 9. O-O O-O 10. Re1 Nc6 11. c3 Bg4 12. h3 Bd7 13. Be3 Re8 14. Bc5 Bc7
15. Qc2 b6 16. Bd4 Nh5 17. Bh7+ Kh8 18. Bf5 Nf4 19. Rxe8+ Bxe8 20. Re1 Nxd4 21.
Nbxd4 Qf6 22. g3 g6 23. gxf4 gxf5 24. Qxf5 Qxf5 25. Nxf5 Bxf4 26. Re7 f6 27.
N3d4 Bh5 28. Ne6 Bc1 29. b3 Re8 30. Rxe8+ Bxe8 31. Ne3 Bg6 32. Nxd5 Bf5 33.
Nef4 Bb1 34. a4 Bc2 35. Ne2 Bxb3 36. Nxb6 Ba3 37. Nd4 Bf7 38. Nd7 Be8 39. Nb5
Bxd7 40. Nxa3 Bxa4 41. Nc4 Bb5 42. Na5 Kg7 43. Kg2 Kg6 44. c4 Bd7 45. Kg3 Kf5
46. Kh4 Be8 47. c5 Ke5 48. Kg4 h5+ 49. Kf3 Kd5 50. Kf4 Bd7 51. c6 Bxh3 0-1

[Event "Tradewise Gibraltar Masters 16th"]
[Site "Gibraltar"]
[Date "2018.01.30"]
[Round "8.88"]
[White "Longa Yauca, Javier"]
[Black "Cernousek, Lukas"]
[Result "0-1"]
[WhiteElo "2198"]
[BlackElo "2468"]
[PlyCount "80"]
[EventDate "2018.01.23"]
[EventType "swiss"]
[EventRounds "10"]
[EventCountry "GGB"]
[SourceTitle "BritBase"]
[Source "www.saund.co.uk"]
[SourceDate "2018.02.10"]
[SourceVersion "1"]
[SourceVersionDate "2018.02.10"]
[SourceQuality "1"]

1. d4 Nf6 2. Nf3 g6 3. b3 Bg7 4. Bb2 d5 5. e3 O-O 6. Be2 c5 7. O-O cxd4 8. exd4
Ne4 9. c4 Nc6 10. Nc3 Nxc3 11. Bxc3 dxc4 12. bxc4 Bg4 13. Rb1 b6 14. Qa4 Rc8
15. Rfd1 Qc7 16. Rbc1 Rfd8 17. c5 Qf4 18. Bd2 Qe4 19. Be3 Nxd4 20. Rxd4 Bxd4
21. c6 Bxf3 22. Bxf3 Qe5 23. Bxd4 Qxd4 24. Qb3 Qf4 25. Re1 e6 26. g3 Qf6 27.
Kg2 Rd2 28. Rd1 Qd4 29. Rxd2 Qxd2 30. Qc4 Qd6 31. a4 Rd8 32. Qh4 Rc8 33. Qc4
Qc5 34. Qe4 Rd8 35. Qe2 Rd4 36. Qb5 Rc4 37. h4 Rc2 38. Kh3 h5 39. Be4 Rc4 40.
Bd3 Qxc6 0-1